LEADER 00899nam a2200265 i 4500 001 000000152510 003 CaOOAMICUS 005 20230301152834.0 008 090307s1984 xx u000 u mul u 020 $a88-06-05772-3 040 $aSeMil$bita 245 10$aLibri 12-19. 300 $a996 p., [8] p. di tav. 490 1 $aI millenni 700 1 $aPlinius Secundus, Gaius,$c.$0(OLS)http://semarc/name/1446 773 0 $tBotanica.$g1$w()20853 830 2$aI millenni.$0(OLS)http://semarc/title/7877 850 $aSeMil 852 $aSeMil$W1$xVenegono$y1$m1X III 12$j237915$B104464$CSeMilBibl$Z2$F113525 $81 900 1 $aPlinio . 961 $aOmaggio: Ciprandi dott. Paolo 996 $6020$a88-06-05772-3$9(OLS)http://semarc/number/142210 996 $6245$aLibri 12-19$9(OLS)http://semarc/title/222981 LEADER 01134nam a2200277 i 4500 001 000000110813 003 CaOOAMICUS 005 20021216000000.0 008 021216s1984 gw u000 u ger u 013 $a83494 020 $a3-7013-0652-4 040 $aSeMil$bita 100 1 $aBerglar, Peter,$d<1919-1989>.$0(OLS)http://semarc/name/46444 245 10$aOpus Dei :$bLeben und Werk des Gründers Josemaría Escrivá /$cPeter Berglar. 250 $a2. Augl., verbesserte. 260 $aSalzburg :$bOtto Müller,$c1984. 300 $a364 p. :$bill. ;$c24 cm. 500 $aFondo Card. C.M. Martini. 600 14$aEscrivá de Balaguer, Josemaría .$0(OLS)http://semarc/subject/12727 850 $aSeMil 852 $aSeMil$W1$xVenegono$y1$m3E III 97$j66674$B66674$CSeMilBibl$Z2$F83538 $81 941 1 $a4 961 $aOmaggio: Martini Card. Carlo Maria 996 $6020$a3-7013-0652-4$9(OLS)http://semarc/number/92749 996 $6245$aOpus Dei :$bLeben und Werk des Gründers Josemaría Escrivá$9(OLS)http://semarc/title/161133 996 $6260$aSalzburg :$bOtto Müller$9(OLS)http://semarc/publisher/34800